[Event "URU-ch sf"]
[Site "Montevideo"]
[Date "2024.02.11"]
[Round "4"]
[White "Soto, Joaquin"]
[Black "Blanco, Rudemar Ernesto"]
[Result "1-0"]
[WhiteElo "1872"]
[BlackElo "1517"]
[PlyCount "103"]
[EventDate "2024.02.09"]
[EventType "swiss"]
[EventRounds "7"]
[EventCountry "URU"]
[SourceTitle "CBM 218 Extra"]
[Source "ChessBase"]
[SourceDate "2024.03.31"]
[SourceVersion "1"]
[SourceVersionDate "2024.03.31"]
[SourceQuality "1"]

1. d4 d5 2. Nc3 Nf6 3. Bf4 c6 4. Nf3 Bf5 5. e3 e6 6. a3 Bd6 7. Ne5 Qc7 8. Bg3 Nbd7 9. f4 Ne4 10. Nxe4 Bxe4 11. Qg4 0-0 12. Bd3 Nf6 13. Qh3 Ne8 14. Bxe4 dxe4 15. 0-0 Be7 16. f5 Qa5 17. fxe6 f6 18. Nd7 Qg5 19. Bf4 Qd5 20. Nxf8 Bxf8 21. Bg3 Qg5 22. Bh4 Qd5 23. Qf5 Nc7 24. Qxd5 Nxd5 25. Rae1 b5 26. Bf2 Re8 27. Ra1 Rxe6 28. b3 Nb6 29. Rfc1 g6 30. c4 f5 31. cxb5 cxb5 32. Rc7 a6 33. a4 Nd5 34. Rc8 b4 35. Rac1 Nc3 36. Kf1 Kf7 37. Be1 Nd5 38. Ke2 Nxe3 39. Rxf8+ Kxf8 40. Bxb4+ Kg7 41. Kxe3 f4+ 42. Kxf4 e3 43. d5 Rb6 44. Bc3+ Kf7 45. Kxe3 Rxb3 46. Kd4 Rb7 47. Re1 h6 48. d6 Rd7 49. Kd5 g5 50. Kc6 Ra7 51. d7 Ra8 52. Ba5 1-0

[Event "Montevideo Contra el Bicho op"]
[Site "Montevideo"]
[Date "2020.09.07"]
[Round "4"]
[White "Olivera, Omar"]
[Black "Blanco, Rudemar Ernesto"]
[Result "0-1"]
[WhiteElo "1278"]
[BlackElo "1488"]
[PlyCount "68"]
[EventDate "2020.08.28"]
[EventType "swiss"]
[EventRounds "6"]
[EventCountry "URU"]
[SourceTitle "EXT 2021"]
[Source "ChessBase"]
[SourceDate "2020.10.23"]
[SourceVersion "1"]
[SourceVersionDate "2020.10.23"]
[SourceQuality "1"]

1. d4 Nf6 2. Bf4 d5 3. e3 e6 4. Nf3 Bd6 5. Ne5 0-0 6. Nd2 c5 7. c3 Qc7 8. Bd3 Nbd7 9. Ndf3 Ne4 10. Nxd7 Bxd7 11. Ne5 f6 12. Nxd7 Qxd7 13. Bxd6 Qxd6 14. f3 Ng5 15. 0-0 c4 16. Bc2 f5 17. h4 Nf7 18. e4 g6 19. e5 Qb6 20. Rb1 Nxe5 21. Kh1 Nf7 22. b3 cxb3 23. Bxb3 Qc7 24. Qd2 Nd6 25. g4 fxg4 26. Qg2 gxf3 27. Rxf3 Rxf3 28. Qxf3 Rf8 29. Qg3 Qe7 30. Bc2 Nf5 31. Bxf5 Rxf5 32. Qb8+ Rf8 33. Qg3 b6 34. Kg2 Qf7 0-1

[Event "Montevideo Contra el Bicho op"]
[Site "Montevideo"]
[Date "2020.09.04"]
[Round "3"]
[White "Blanco, Rudemar Ernesto"]
[Black "Muniz, Facundo"]
[Result "0-1"]
[WhiteElo "1488"]
[BlackElo "1212"]
[PlyCount "51"]
[EventDate "2020.08.28"]
[EventType "swiss"]
[EventRounds "6"]
[EventCountry "URU"]
[SourceTitle "EXT 2021"]
[Source "ChessBase"]
[SourceDate "2020.10.23"]
[SourceVersion "1"]
[SourceVersionDate "2020.10.23"]
[SourceQuality "1"]

1. d4 Nf6 2. Bf4 g6 3. Nc3 Bg7 4. e4 d6 5. Qd2 0-0 6. 0-0-0 Nc6 7. Bh6 Re8 8. h4 a5 9. h5 Nxh5 10. Rxh5 Bg4 11. f3 Bxh5 12. g4 Bxg4 13. fxg4 e5 14. Bxg7 Kxg7 15. Bb5 exd4 16. Bxc6 dxc3 17. Qxc3+ Kg8 18. Bxe8 Qxe8 19. Qf3 Qe6 20. Kb1 Re8 21. Rf1 Re7 22. g5 Qxe4 23. Qxe4 Rxe4 24. Nf3 Rf4 25. Nd2 Rxf1+ 26. Nxf1 0-1

[Event "URU-ch sf"]
[Site "Montevideo"]
[Date "2020.02.25"]
[Round "8"]
[White "Lima Abadal, Nicolas"]
[Black "Blanco, Rudemar Ernesto"]
[Result "1-0"]
[WhiteElo "1646"]
[BlackElo "1470"]
[PlyCount "91"]
[EventDate "2020.02.21"]
[EventType "swiss"]
[EventRounds "8"]
[EventCountry "URU"]
[SourceTitle "CBM 195 Extra"]
[Source "ChessBase"]
[SourceDate "2020.05.31"]
[SourceVersion "1"]
[SourceVersionDate "2020.05.31"]
[SourceQuality "1"]

1. e4 d5 2. exd5 Qxd5 3. Nc3 Qd6 4. d4 c6 5. Nf3 Bg4 6. Be2 Nf6 7. Bg5 Nbd7 8. Qd2 Qc7 9. 0-0 e6 10. Rfe1 Be7 11. Ne5 Bxe2 12. Qxe2 Nxe5 13. dxe5 Nd5 14. Nxd5 cxd5 15. Bxe7 Qxe7 16. Qg4 0-0 17. Re3 Rfc8 18. Rg3 g6 19. c3 Rc4 20. Qe2 Rac8 21. Rf1 Re4 22. Re3 Rcc4 23. f3 Rxe3 24. Qxe3 Qc5 25. Kf2 Kg7 26. Rd1 Qxe3+ 27. Kxe3 f6 28. Rd4 fxe5 29. Rxc4 dxc4 30. Ke4 Kf6 31. b3 cxb3 32. axb3 a5 33. c4 b6 34. h4 h6 35. g4 Ke7 36. Kxe5 g5 37. h5 Kd7 38. Kf6 e5 39. Kg6 Ke6 40. Kxh6 Kf6 41. Kh7 Kf7 42. h6 a4 43. bxa4 Kf8 44. Kg6 Kg8 45. Kxg5 Kh7 46. Kf5 1-0